000 00764nam a2200265Ia 4500
003 OSt
005 20220927103640.0
006 a|||||r|||| 00| 0
007 ta
008 220926b |||||||| |||| 00| 0 eng d
024 _a96926
037 _cReference Collections
040 _aRTL
_cRTL
_beng
041 _2eng
_aeng
082 _a"Y33.1l un,N78, L8/UN"
110 _aUNITED NATIONS
245 0 _aNational bodies concerned with urban and regional research.
260 _aNew
_bYork United Nations USA
_c1978
300 _a267p
_ccm.
500 _a"See also 211N45n,N78"
650 _aUrban Sociology
_9361012
700 _aUNITED NATIONS
942 _h"Y33.1l un,N78, L8/UN"
_cCC
999 _c684564
_d684564